Multicultural European Union vs. legal translation some issues on translating legal terminology within the concept of supranational EU

Salvato in:
Dettagli Bibliografici
Autore principale: Sageder, Dagmar
Natura: Capitolo di libro
Lingua:inglese
Soggetti:
Tags: Aggiungi Tag
Nessun Tag, puoi essere il primo ad aggiungerne!!

MARC

LEADER 00000nla a2200000 4500
001 0181328
005 20240515092941.1
041 0 |a eng 
044 |a SK 
245 1 0 |a Multicultural European Union vs. legal translation some issues on translating legal terminology within the concept of supranational EU  |c Dagmar Sageder 
610 2 0 |a Európska únia 
610 2 0 |a dokumenty 
610 2 0 |a preklady 
610 2 0 |a právo 
610 2 0 |a terminológia 
610 2 0 |a jazyk odborný 
100 1 |a Sageder, Dagmar